<?xml version="1.0" encoding="UTF-8"?>
<record
    xmlns:xsi="http://www.w3.org/2001/XMLSchema-instance"
    xsi:schemaLocation="http://www.loc.gov/MARC21/slim http://www.loc.gov/standards/marcxml/schema/MARC21slim.xsd"
    xmlns="http://www.loc.gov/MARC21/slim">

  <leader>01931cam a22002773a 4500</leader>
  <controlfield tag="001">17979</controlfield>
  <controlfield tag="003">PGUSA</controlfield>
  <controlfield tag="005">20140828083401.0</controlfield>
  <controlfield tag="008">060314s2006||||xxu|||||s|||||000 | eng d</controlfield>
  <datafield tag="040" ind1=" " ind2=" ">
    <subfield code="a">PGUSA</subfield>
    <subfield code="b">eng</subfield>
  </datafield>
  <datafield tag="042" ind1=" " ind2=" ">
    <subfield code="a">dc</subfield>
  </datafield>
  <datafield tag="050" ind1=" " ind2="4">
    <subfield code="a">QK</subfield>
  </datafield>
  <datafield tag="100" ind1="1" ind2=" ">
    <subfield code="a">Curtis, William,</subfield>
    <subfield code="d">1746-1799</subfield>
  </datafield>
  <datafield tag="245" ind1="1" ind2="4">
    <subfield code="a">The Botanical Magazine, Vol. 4 :</subfield>
    <subfield code="b">Or, Flower-Garden Displayed</subfield>
    <subfield code="h">[electronic resource] /</subfield>
    <subfield code="c">William Curtis</subfield>
  </datafield>
  <datafield tag="260" ind1=" " ind2=" ">
    <subfield code="b">Project Gutenberg,</subfield>
    <subfield code="c">2006</subfield>
  </datafield>
  <datafield tag="505" ind1="0" ind2=" ">
    <subfield code="a">[109]&#x2014;Lavatera Trimestris. -- [110]&#x2014;Mimosa Verticillata. -- [111]&#x2014;Lathyrus Tuberosus. -- [112]&#x2014;Cistus Ladaniferus. -- [113]&#x2014;Convolvulus Purpureus. -- [114]&#x2014;Silene Pendula. -- [115]&#x2014;Lathyrus Sativus. -- [116]&#x2014;Limodorum Tuberosum. -- [117]&#x2014;Campanula Carpatica. -- [118]&#x2014;Sedum Anacampseros. -- [119]&#x2014;Strelitzia Regin&#xE6;. -- [121]&#x2014;Narcissus Incomparabilis. -- [122]&#x2014;Hyacinthus Racemosus. -- [123]&#x2014;Anemone Hortensis. -- [124]&#x2014;Iberis Gibraltarica. -- [125]&#x2014;Alstr&#x153;meria Ligtu. -- [126]&#x2014;Alyssum Deltoideum. -- [127]&#x2014;Ixia Flexuosa. -- [128]&#x2014;Scilla Campanulata -- [129]&#x2014;Amaryllis Vittata. -- [130]&#x2014;Alyssum Utriculatum. -- [131]&#x2014;Catesb&#xE6;a Spinosa. -- [132]&#x2014;Rubus Arcticus. -- [133]&#x2014;Hyacinthus Comosus -- [134]&#x2014;Adonis Vernalis. -- [135]&#x2014;Gladiolus Cardinalis. -- [136]&#x2014;Pelargonium Tetragonum. -- [137]&#x2014;Hypericum Balearicum. -- [138]&#x2014;Kalmia Hirsuta. -- [139]&#x2014;Alstr&#x153;meria Pelegrina. -- [140]&#x2014;Lupinus Luteus. -- [141]&#x2014;Heliotropium Peruvianum. -- [142]&#x2014;Scorzonera Tingitana. -- [143]&#x2014;Pelargonium Glutinosum. -- [144]&#x2014;Ferraria Undulata..</subfield>
  </datafield>
  <datafield tag="506" ind1=" " ind2=" ">
    <subfield code="a">Public domain in the USA.</subfield>
  </datafield>
  <datafield tag="516" ind1=" " ind2=" ">
    <subfield code="a">Electronic text</subfield>
  </datafield>
  <datafield tag="653" ind1=" " ind2=" ">
    <subfield code="a">Plants -- Periodicals</subfield>
  </datafield>
  <datafield tag="653" ind1=" " ind2=" ">
    <subfield code="a">Plants, Cultivated -- Periodicals</subfield>
  </datafield>
  <datafield tag="653" ind1=" " ind2=" ">
    <subfield code="a">Botanical illustration -- Periodicals</subfield>
  </datafield>
  <datafield tag="653" ind1=" " ind2=" ">
    <subfield code="a">Plants, Ornamental -- Periodicals</subfield>
  </datafield>
  <datafield tag="830" ind1=" " ind2="0">
    <subfield code="a">Project Gutenberg</subfield>
    <subfield code="v">17979</subfield>
  </datafield>
  <datafield tag="856" ind1="4" ind2="0">
    <subfield code="u">http://www.gutenberg.org/ebooks/17979</subfield>
  </datafield>
  <datafield tag="942" ind1=" " ind2=" ">
    <subfield code="c">EB</subfield>
  </datafield>
  <datafield tag="999" ind1=" " ind2=" ">
    <subfield code="c">247234</subfield>
    <subfield code="d">247234</subfield>
  </datafield>
  <datafield tag="952" ind1=" " ind2=" ">
    <subfield code="0">0</subfield>
    <subfield code="1">0</subfield>
    <subfield code="4">0</subfield>
    <subfield code="a">GTB</subfield>
    <subfield code="b">GTB</subfield>
    <subfield code="d">2014-08-28</subfield>
    <subfield code="l">0</subfield>
    <subfield code="r">2014-08-28 00:00:00</subfield>
    <subfield code="w">2014-08-28</subfield>
    <subfield code="y">EB</subfield>
  </datafield>
</record>
